Tính Lipschitz - Tính chính quy Mêtric và tính mở tuyến tính của ánh xạ đa trị : Luận văn Thạc sĩ Toán học chuyên ngành Giải tích
Đề tài trình bày một số kiến thức về giải tích đa trị, tính lipschitz cho các ánh xạ đa trị, các kết quả về tính chính qui mêtric và phủ của hàm đa trị, tổng quan các định lý ánh xạ mở tổng quát cho hàm đa trị....
Gardado en:
| Autor Principal: | |
|---|---|
| Formato: | Libro |
| Idioma: | Undetermined |
| Publicado: |
Cần Thơ
Trường Đại học Cần Thơ
2010
|
| Những chủ đề: | |
| Các nhãn: |
Engadir etiqueta
Sen Etiquetas, Sexa o primeiro en etiquetar este rexistro!
|
| Thư viện lưu trữ: | Trung tâm Học liệu Trường Đại học Cần Thơ |
|---|
| LEADER | 01151nam a2200217Ia 4500 | ||
|---|---|---|---|
| 001 | CTU_162462 | ||
| 008 | 210402s9999 xx 000 0 und d | ||
| 082 | |a 515 | ||
| 082 | |b T527 | ||
| 088 | |a 604601 | ||
| 100 | |a Huỳnh, Thị Bích Tuyên | ||
| 245 | 0 | |a Tính Lipschitz - Tính chính quy Mêtric và tính mở tuyến tính của ánh xạ đa trị : | |
| 245 | 0 | |b Luận văn Thạc sĩ Toán học chuyên ngành Giải tích | |
| 245 | 0 | |c Huỳnh Thị Bích Tuyên ; Phan Quốc Khánh (Cán bộ hướng dẫn) | |
| 260 | |a Cần Thơ | ||
| 260 | |b Trường Đại học Cần Thơ | ||
| 260 | |c 2010 | ||
| 520 | |a Đề tài trình bày một số kiến thức về giải tích đa trị, tính lipschitz cho các ánh xạ đa trị, các kết quả về tính chính qui mêtric và phủ của hàm đa trị, tổng quan các định lý ánh xạ mở tổng quát cho hàm đa trị. | ||
| 650 | |a Mathematical analysis,Toán học giải tích | ||
| 904 | |i Thảo, Hải | ||
| 980 | |a Trung tâm Học liệu Trường Đại học Cần Thơ | ||